MARC details
| 000 -CABECERA |
| campo de control de longitud fija |
02494nam a22002654u 4500 |
| 001 - NÚMERO DE CONTROL |
| campo de control |
Rebiun37520065 |
| 008 - DATOS DE LONGITUD FIJA--INFORMACIÓN GENERAL |
| campo de control de longitud fija |
250410e202409 sp |||| |||| 0|0 f spa|d |
| 017 ## - NÚMERO DE COPYRIGHT O DE DEPÓSITO LEGAL |
| Número de copyright o de depósito legal |
DL M 16611-2024, |
| Agencia que asigna |
Oficina DL Madrid |
| 020 ## - NÚMERO INTERNACIONAL ESTÁNDAR DEL LIBRO |
| Número Internacional Estándar del Libro |
9788492919703 |
| 040 ## - FUENTE DE LA CATALOGACIÓN |
| Centro catalogador/agencia de origen |
ES-CaUJI |
| Lengua de catalogación |
eng |
| Normas de descripción |
rda |
| Centro/agencia transcriptor |
ES-CaUJI |
| 041 1# - CÓDIGO DE LENGUA |
| Código de lengua del texto/banda sonora o título independiente |
Spanish |
| Código de lengua original |
eng |
| 100 ## - ENTRADA PRINCIPAL--NOMBRE DE PERSONA |
| Nombre de persona |
Mellors, Coco |
| Término indicativo de función/relación |
author |
| 9 (RLIN) |
25452 |
| 240 10 - TÍTULO UNIFORME |
| Título uniforme |
Blue sisters. |
| Lenguaje de la obra |
Spanish |
| 245 14 - MENCIÓN DE TÍTULO |
| Título |
Las Hermanas Blue |
| Mención de responsabilidad, etc. |
/ Coco Mellors ; traducción: Bruno Álvarez Herrero |
| 250 ## - MENCIÓN DE EDICIÓN |
| Mención de edición |
First edtion |
| 260 ## - PUBLICACIÓN, DISTRIBUCIÓN, ETC. |
| Lugar de publicación, distribución, etc. |
Madrid : |
| Nombre del editor, distribuidor, etc. |
Plata, |
| Fecha de publicación, distribución, etc. |
2024. |
| 300 ## - DESCRIPCIÓN FÍSICA |
| Extensión |
414 pages ; |
| Dimensiones |
22 cm |
| 490 ## - MENCIÓN DE SERIE |
| Mención de serie |
Letras de plata |
| 520 ## - SUMARIO, ETC. |
| Sumario, etc. |
Avery es una abogada muy recatada, vive en Londres y es la típica hermana mayor, aunque oculta un secreto que podría desmoronar su vida perfecta para siempre. Bonnie era boxeadora, pero, tras una derrota devastadora, ha comenzado a trabajar como portera de un local en Los Ángeles, hasta que una noche comete un descuido que la obliga a marcharse de la ciudad. Y Lucky, la más joven y rebelde, trabaja como modelo en París y sus fiestas desenfrenadas le están comenzando a pasar factura. Además, Avery, Bonnie y Lucky aún están tratando de recuperarse de la inesperada muerte de Nicky, la querida cuarta hermana. Cuando, un año después de su pérdida, las tres se reúnen en Nueva York para impedir la venta del hogar de su infancia, se dan cuenta de que solo juntas pueden superar el duelo, la adicción y el desamor, y volver a enamorarse de la vida. |
| 520 ## - SUMARIO, ETC. |
| Sumario, etc. |
Avery is a reserved and proper solicitor living in London — the quintessential older sister — although she harbours a secret that could shatter her perfectly curated life. Bonnie, once a promising boxer, now works as a bouncer at a club in Los Angeles. But after a serious lapse one night, she’s forced to leave the city behind. Meanwhile, Lucky, the youngest and most rebellious of the three, is modelling in Paris, though her wild partying is beginning to take its toll.<br/><br/>The sisters are still reeling from the sudden death of Nicky, their beloved fourth sister. A year after her passing, they reunite in New York to stop the sale of their childhood home. There, they come to realise that only by facing their grief, addiction, and heartbreak together can they begin to heal — and perhaps, learn to fall in love with life again. |
| 650 #0 - PUNTO DE ACCESO ADICIONAL DE MATERIA--TÉRMINO DE MATERIA |
| Término de materia o nombre geográfico como elemento de entrada |
Addiction |
| 9 (RLIN) |
25453 |
| 650 #0 - PUNTO DE ACCESO ADICIONAL DE MATERIA--TÉRMINO DE MATERIA |
| Término de materia o nombre geográfico como elemento de entrada |
Sisters |
| Subdivisión de forma |
Fiction |
| 9 (RLIN) |
22940 |
| 700 ## - ENTRADA AGREGADA--NOMBRE PERSONAL |
| Nombre de persona |
Álvarez Herrero, Bruno |
| Término indicativo de función/relación |
translator |
| 9 (RLIN) |
25454 |
| 942 ## - ELEMENTOS DE ENTRADA AGREGADA (KOHA) |
| Fuente del sistema de clasificación o colocación |
Clasificación de Library of Congress |